| 000 | 00886nam a2200217 i 4500 | ||
|---|---|---|---|
| 001 | 92745 | ||
| 003 | ES-MaACL | ||
| 005 | 20230906181040.0 | ||
| 007 | t| | ||
| 008 | 050426s1961 sp ||||1| spa d | ||
| 080 | _a821.134.2 Medina, Vicente 1.06 | ||
| 100 | 1 |
_aGarcía Morales, Justo, _d1914-1998 _954988 |
|
| 245 | 1 | 0 |
_aVicente Medina y el otro 98 / _cpor Justo García Morales. |
| 260 |
_aMurcia : _b[s.n.], _c1961 ( _fSucesores de Nogués) |
||
| 300 |
_a28 p. ; _c24 cm. |
||
| 594 | _aPrecede al tít.: Academia Alfonso X el Sabio. Primera Semana de Estudios Murcianos. | ||
| 595 | _aTirada aparte de: Primera Semana de Estudios Murcianos. Secciones de Historia, Literatura y Derecho, v. 1, p. 111-134. | ||
| 600 | 1 | 4 |
_aMedina, Vicente- _xCrítica e interpretación. _979719 |
| 852 |
_aES-MaACL _j2187-F-16 _z- Donat. Ernesto García Camarero |
||
| 999 |
_c92745 _d92745 |
||